ARRUPE JESUIT UNIVERSITY

CORONAVIRUS -STOP THE SPREAD - CLEAN,DISINFECT,COVER

Wittgenstein's tractatus (Record no. 26032)

MARC details
000 -LEADER
fixed length control field 00609nam a2200217Ia 4500
003 - CONTROL NUMBER IDENTIFIER
control field 0100
005 - DATE AND TIME OF LATEST TRANSACTION
control field 20160907091304.0
008 - FIXED-LENGTH DATA ELEMENTS--GENERAL INFORMATION
fixed length control field 130303s9999 xx 000 0 und d
040 ## - CATALOGING SOURCE
Transcribing agency ARRUPELIB
050 ## - LIBRARY OF CONGRESS CALL NUMBER
Classification number BC135.W52
100 ## - MAIN ENTRY--PERSONAL NAME
Personal name Mounce, H.O
9 (RLIN) 21747
245 ## - TITLE STATEMENT
Title Wittgenstein's tractatus
245 ## - TITLE STATEMENT
Remainder of title An introduction
260 ## - PUBLICATION, DISTRIBUTION, ETC. (IMPRINT)
Place of publication, distribution, etc OX
260 ## - PUBLICATION, DISTRIBUTION, ETC. (IMPRINT)
Name of publisher, distributor, etc Basil Blackwell
300 ## - PHYSICAL DESCRIPTION
Extent 136p
600 ## - SUBJECT ADDED ENTRY--PERSONAL NAME
Personal name Wittgenstein, Ludwig
General subdivision Tractatus logico
-- Philosophicus
9 (RLIN) 25592
650 ## - SUBJECT ADDED ENTRY--TOPICAL TERM
Topical term following geographic name as entry element Logic, symbol and mathematical
9 (RLIN) 25593
650 ## - SUBJECT ADDED ENTRY--TOPICAL TERM
Topical term or geographic name as entry element Language and languages
General subdivision Philosophy
9 (RLIN) 25594
942 00 - ADDED ENTRY ELEMENTS (KOHA)
Koha issues (borrowed), all copies 1
Source of classification or shelving scheme Library of Congress Classification
Koha item type Monograph ( Printed materials)

No items available.

 

Arrupe Library. PO Box MP320 Mt Pleasant, Harare, Zimbabwe
263 242 745411|librarian@aju.ac.zw